1487 1706 1319 1075 1933 1444 1854 1875 1311 1868 1294 1705 1540 1845 1270 1756 1799 1849 1848 1020 1891 1162 1210 1903 1337 1638 1001 1954 1149 1972 1295 1177 1188 1211 1951 1817 1697 1585 1014 1429 1257 1984 1411 1802 1736 1980 1500 1124 1183 1724 1567 1974 1519 1170 1046 1886 1667 1563 1807 1638 1137 1573 1775 1325 1032 1090 1589 1863 1623 1642 1633 1974 1396 1378 1901 1746 1633 1674 1015 1365 1048 1647 1521 1746 1542 1814 1914 1475 1322 1513 1869 1260 1577 1909 1934 1640 1731 1620 1797 BCNSPRNW ULIB Ver.6.0+V

เปลี่ยนเป็นภาษาไทย

Change to English
 แสดงรายละเอียดบรรณานุกรม
  กลับหน้าหลัก

Brief Record : Get Marc (ISO 2709) : E-mail record : QR code < ปิดหน้าต่าง
LEADER : 00000nam a2200000Ia 4500
001    13399126891
003     ULIB
008    190604s2562 th a 000 0 tha d
020    ^a9786163983718
040    ^anss
060 04 ^aWY18.2^bน133ก
100 0  ^aนงค์คราญ วิเศษกุล
245 10 ^aการพัฒนาสื่อการเรียนการสอนทางการพยาบาล :^bแนวคิดและการประยุกต์ใช้ /^cนงค์คราญ วิเศษกุล
250    ^aพิมพ์ครั้งที่ 1
260    ^aเชียงใหม่ :^bคณะพยาบาลศาสตร์ มหาวิทยาลัยเชียงใหม่,^c2562
300    ^a124 หน้า :^bภาพประกอบ ;^c25 ซม.
650  4 ^aการพยาบาล^xการสอนด้วยสื่อ
650  4 ^aเทคโนโลยีทางการศึกษา
650  4 ^aโสตทัศนวัสดุ
710 2  ^aมหาวิทยาลัยเชียงใหม่.^bคณะพยาบาลศาสตร์
945    ^p150^l0^i27515
945    ^p150^l0^i27514
945    ^p150^l0^i27512
945    ^p150^l0^i27511
945    ^p150^l0^i27513
945    ^p150^l0^i28089
945    ^p150^l0^i28090
945    ^p150^l0^i28091
945    ^p150^l0^i28092
945    ^p150^l0^i28093
945    ^p150^l0^i28094
995    ^aกัณชพร จุลอักษร
999    ^aกัณชพร
รายการนี้ยังไม่มีแท็ก
คุณยังไม่ได้ล็อกอิน คุณสามารถมีกิจกรรมร่วมกับเว็บไซต์ได้ แต่ต้องล็อกอินก่อน ::
  ล็อกอิน

รายการสื่อสารสนเทศ

ลำดับที่ ประเภท เลขเรียก/บาร์โค้ด สถานที่ สถานะ
1. หนังสือสำรอง
หนังสือสำรอง
WY18.2 น133ก ฉ.1 
  Barcode: 27511
ห้องสมุดวิทยาเขตนครสวรรค์
►หนังสือทั่วไป:l:General Books
บนชั้น
2. วิทยาศาสตร์การแพทย์ และสุขภาพ
วิทยาศาสตร์การแพทย์ และสุขภาพ
WY18.2 น133ก ฉ.10 
  Barcode: 28093
ห้องสมุดวิทยาเขตนครสวรรค์
►หนังสือทั่วไป:l:General Books
บนชั้น
3. วิทยาศาสตร์การแพทย์ และสุขภาพ
วิทยาศาสตร์การแพทย์ และสุขภาพ
WY18.2 น133ก ฉ.11 
  Barcode: 28094
ห้องสมุดวิทยาเขตนครสวรรค์
►หนังสือทั่วไป:l:General Books
บนชั้น
4. วิทยาศาสตร์การแพทย์ และสุขภาพ
วิทยาศาสตร์การแพทย์ และสุขภาพ
WY18.2 น133ก ฉ.2 
  Barcode: 27512
ห้องสมุดวิทยาเขตนครสวรรค์
►หนังสือทั่วไป:l:General Books
บนชั้น
5. วิทยาศาสตร์การแพทย์ และสุขภาพ
วิทยาศาสตร์การแพทย์ และสุขภาพ
WY18.2 น133ก ฉ.3 
  Barcode: 27513
ห้องสมุดวิทยาเขตนครสวรรค์
►หนังสือทั่วไป:l:General Books
บนชั้น
6. วิทยาศาสตร์การแพทย์ และสุขภาพ
วิทยาศาสตร์การแพทย์ และสุขภาพ
WY18.2 น133ก ฉ.4 
  Barcode: 27514
ห้องสมุดวิทยาเขตนครสวรรค์
►หนังสือทั่วไป:l:General Books
บนชั้น
7. วิทยาศาสตร์การแพทย์ และสุขภาพ
วิทยาศาสตร์การแพทย์ และสุขภาพ
WY18.2 น133ก ฉ.5 
  Barcode: 27515
ห้องสมุดวิทยาเขตนครสวรรค์
►หนังสือทั่วไป:l:General Books
บนชั้น
8. วิทยาศาสตร์การแพทย์ และสุขภาพ
วิทยาศาสตร์การแพทย์ และสุขภาพ
WY18.2 น133ก ฉ.6 
  Barcode: 28089
ห้องสมุดวิทยาเขตนครสวรรค์
►หนังสือทั่วไป:l:General Books
บนชั้น
9. วิทยาศาสตร์การแพทย์ และสุขภาพ
วิทยาศาสตร์การแพทย์ และสุขภาพ
WY18.2 น133ก ฉ.7 
  Barcode: 28090
ห้องสมุดวิทยาเขตนครสวรรค์
►หนังสือทั่วไป:l:General Books
บนชั้น
10. วิทยาศาสตร์การแพทย์ และสุขภาพ
วิทยาศาสตร์การแพทย์ และสุขภาพ
WY18.2 น133ก ฉ.8 
  Barcode: 28091
ห้องสมุดวิทยาเขตนครสวรรค์
►หนังสือทั่วไป:l:General Books
บนชั้น
11. วิทยาศาสตร์การแพทย์ และสุขภาพ
วิทยาศาสตร์การแพทย์ และสุขภาพ
WY18.2 น133ก ฉ.9 
  Barcode: 28092
ห้องสมุดวิทยาเขตนครสวรรค์
►หนังสือทั่วไป:l:General Books
บนชั้น

รายการใกล้เคียง
    ผู้แต่ง [นงค์คราญ วิเศษกุล]

    หัวเรื่อง [เทคโนโลยีทางการศึกษา]
    หัวเรื่อง [โสตทัศนวัสดุ]

BibComment


ยังไม่เคยถูกคอมเมนท์

คอมเมนท์ทรัพยากรรายการนี้
  คอมเมนท์: การพัฒนาสื่อการเ..


 Copyright 2026. Bcnsprnw @Library